Normal view
MARC view
Entry Topical Term
001 - CONTROL NUMBER
- control field: 17213
003 - CONTROL NUMBER IDENTIFIER
- control field: BD-RjUL
005 - DATE AND TIME OF LATEST TRANSACTION
- control field: 20251022105147.0
008 - FIXED-LENGTH DATA ELEMENTS
- fixed length control field: 251022|| aca||aabn | a|a d
040 ## - CATALOGING SOURCE
- Original cataloging agency: BD-RjUL
- Transcribing agency: BD-RjUL
150 ## - HEADING--TOPICAL TERM
- Topical term or geographic name entry element: মধ্যপ্রাচ্য
- General subdivision: রাজনীতি এবং সরকার
670 ## - SOURCE DATA FOUND
- Source citation: Work cat.: (BD-RjUL)76361: রেহমান, তারেক শামসুর 163936, মধ্যপ্রাচ্যের রাজনীতি /, ২০১৯ [প্রকাশ ২০২৪]